Séries TV par le nom du premier épisode - Statistiques

Statistiques générales
  • Ce quiz a été pris 182 fois
  • Le résultat moyen est 7 sur 30
Statistiques - réponses
Hint Réponse % Correct
L'Hiver vient Game of Thrones
77%
Mercredi porte-malheur Mercredi
74%
00h00 - 01h00 24 Heures chrono
67%
Chapitre un : la disparition de Will Byers Stranger Things
63%
La Grande Évasion Prison Break
54%
Celui qui déménage Friends
50%
La nouvelle voisine des surdoués The Big Bang Theory
40%
Les Symptômes de Rebecca Adler Dr House
23%
Cap à l'Ouest Vikings
23%
L'Hymne national Black Mirror
21%
Ouvertures Le Jeu de la Dame
21%
48 heures Grey's Anatomy
18%
Crime Dexter
16%
Le Duel Les Frères Scott
14%
Passé Décomposé The Walking Dead
14%
Folies de flic Navarro
13%
Chute libre Breaking Bad
12%
Quand tu es perdu dans les ténèbres The Last Of Us
12%
La rencontre Hélène et les Garçons
11%
Le Négociateur Mindhunter
11%
24 heures Urgences (ER)
10%
Une drôle de famille Shameless (UK)
9%
Lever de rideau Un, dos, tres
9%
Uno Better Call Saul
7%
Je ne suis pas un monstre Malcolm
7%
Le Visage de la honte Nip/Tuck
7%
1:23:45 Chernobyl
6%
Un signe How I Met Your Mother
5%
Tomber Narcos
4%
La règle du jeu The Boys
1%
Aucun quiz correspondant
Distribution des résultats
% des personnes avec chaque résultat
Percentile par nombre de réponses
Votre historique - résultats
Vous n’avez pas pris ce quiz